000 00902nam a2200277 a 4500
001 656
003 BR-CuiBMT
005 20231112165104.0
008 231101s2016 rjb 000 0 por d
020 _a9788584406371
040 _aBR-CuiBMT
_cBR-CuiBMT
080 _a351.9
_22007
090 _a351.9
_bV448d
100 1 _aVenâncio, Denilson Marcondes
245 0 2 _aO desvio de poder orçamentário /
_cDenilson Marcondes Venâncio ; prefácio: Profª. Dinorá Adelaide Musetti Grotti.
250 _a
260 _aRio de Janeiro :
_bLumen Juris,
_c2016.
300 _a392 p. :
_c23 cm.
504 _aInclui bibliografia.
650 _aExecução orçamentária
_zBrasil
650 _aAdministração pública
_xControle
650 _aDesvio de poder
_xPrincípios e conceitos
650 _aFiscalização financeira e orçamentária
_zBrasil
650 _aReceita pública
942 _2udc
_cLV
999 _c656
_d656